Państwa produkujące najwięcej brzoskwiń - Statystyki

Ogólne statystyki
  • Ten quiz został rozwiązany 15 razy
  • Średni wynik to 11 z 15
Statystyki odpowiedzi
Tony (tys.) Kraj % Poprawnych
16 800 Chiny
100%
666,5 Stany Zjednoczone
92%
208,8 Brazylia
85%
870,7 Hiszpania
85%
1 000 Turcja
85%
1 200 Włochy
85%
232,0 Francja
77%
894,5 Grecja
77%
272,6 Egipt
69%
577,3 Iran
69%
247,9 Maroko
69%
238,0 Meksyk
69%
312,9 Chile
62%
212,0 Uzbekistan
38%
201,8 Korea Południowa
8%
Nie znaleziono quizów pasujących do podanych kryteriów
Rozkład punktacji
Procent ludzi z każdym wynikiem
Percentyl według liczby udzielonych odpowiedzi
Twoja historia wyników
Nie rozwiązałeś tego quizu